| 000 | 00845nam a2200289Ia 4500 | ||
|---|---|---|---|
| 001 | 4954 | ||
| 005 | 20240113233809.0 | ||
| 007 | ta | ||
| 008 | 050616s2000 a g b000 u hin u | ||
| 020 | _cRs.250 (HB) | ||
| 040 | _aCotton College Assam | ||
| 041 | _ahin | ||
| 082 |
_a891.43109 _bGu 959 Na |
||
| 100 | _aGupta, Jagdish. | ||
| 245 | 0 |
_aNayi Kavita: Soidhantik Paksh Part I / _cJagdish Gupta, Ram Swarup Chaturvedi,Vijoydevnarayan Sahi. _hTextual Documents |
|
| 250 | _a1st ed. / | ||
| 260 |
_aAllahabad : _bLok Bharati Prakashan , _c2000. |
||
| 300 |
_a317p. : _bill. ; _c21cm . |
||
| 365 | _aRs.250 | ||
| 653 | _aHindi poetry-Criticism | ||
| 653 | _aGen-Hindi | ||
| 700 | _aChaturvedi, Ram Swarup . | ||
| 700 | _aSahi, Vijoydevnarayan . | ||
| 942 |
_2ddc _cBK |
||
| 999 |
_c4941 _d4941 |
||